Introducción a la espectrometría de masa de sustancias orgánicas

Guardat en:
Dades bibliogràfiques
Autors principals: Gottlieb, Otto Richard (Autor), Braz Filho, Raimundo (Autor)
Format: Llibre
Idioma:espanyol
Publicat: Washington, D.C OEA 1976
Col·lecció:Serie de química: Monografía. OEA, 17
Matèries:
Etiquetes: Afegir etiqueta
Sense etiquetes, Sigues el primer a etiquetar aquest registre!

MARC

LEADER 00000nam a2200000 a 4500
001 UCV3965
003 CL-VaPUC
008 881010e19760000US |||||||||||||||||spa|d
082 0 4 |a 547.308  |b GOT  |2 21 
100 |a Gottlieb, Otto Richard  |e author  |9 373662 
700 0 |a Braz Filho, Raimundo  |e author  |9 298363 
245 1 0 |a Introducción a la espectrometría de masa de sustancias orgánicas 
300 |a 114 p 
942 |c BK 
945 |d 19881010 00:00:00 
260 |a Washington, D.C  |b OEA  |c 1976 
650 0 |a Espectrometría de masas  |9 260151 
583 |a last modification  |c 20150713 14:24:54  |k Rodrigo Vera 
490 0 |a Serie de química: Monografía. OEA, 17 
999 |c 211039  |d 211037 
952 |0 0  |1 0  |4 0  |6 547_308000000000000_GOT_1976  |7 0  |8 A  |9 188505  |a BIBCUR  |b BIBCUR  |d 2019-11-14  |i 1787659  |o 547.308 GOT 1976  |p 1787659  |r 2025-04-22  |w 2019-11-14  |y BK  |k QUI